000 00523nam a2200169Ia 4500
008 240729s9999 xx 000 0 und d
022 _a1846-6346
245 0 _aGeofizika
260 _aCroatia
260 _bUniversity of Zagreb, Faculty of Science, Department of Geophysics, Andrija Mohorovičić Geophysical Institute
650 _a Geophysics. Cosmic physics
650 _a Physics
650 _aScience
856 _uhttps://doaj.org/toc/c7bedf3aaee24fa393ab36d0e3fa27c9
942 _2ddc
942 _cDOAJEJ
999 _c73391
_d73391
945 _a1
_bMadushi Gamage
_c1
_dMadushi Gamage